Ortschaften: Lichtenau im Mühlkreis - Statistics

General Stats
  • This quiz has been taken 8 times
  • The average score is 5 of 7
Answer Stats
Answer % Correct
Damreith
100%
Lichtenau
100%
Ödt
100%
Hinternberg
50%
Hochhausen
50%
Unterurasch
50%
Hörleinsödt
0%
No matching quizzes found
Score Distribution
Percent of People with Each Score
Percentile by Number Answered
Your Score History
You have not taken this quiz